书目信息 |
| 题名: |
复杂化学平衡计算
|
|
| 作者: | 赵慕愚 , 徐宝琨 编著 | |
| 分册: | ||
| 出版信息: | 长春 吉林大学出版社 1990.10 |
|
| 页数: | 100页 | |
| 开本: | 20cm | |
| 丛书名: | ||
| 单 册: | ||
| 中图分类: | O6-04 | |
| 科图分类: | ||
| 主题词: | 化学--理论 , 化学--方法 | |
| 电子资源: | ||
| ISBN: | 7-5601-0628-5 | |
| 000 | 00669nam 2200229 45 | |
| 001 | 0191016354 | |
| 005 | 20060413092502.75 | |
| 010 | @a7-5601-0628-5@dCNY1.05 | |
| 100 | @a19910712d1990 em y0chiy0121 ea | |
| 101 | 0 | @achi |
| 102 | @aCN@b210000 | |
| 105 | @ay z 000yy | |
| 200 | 10 | @a复杂化学平衡计算@Afu za hua xue ping heng ji suan@f赵慕愚,徐宝琨编著@Fzhao mu yu,xu bao kun bian zhu |
| 210 | @a长春@c吉林大学出版社@d1990.10 | |
| 215 | @a100页@d20cm | |
| 606 | 0 | @a化学@x理论 |
| 606 | 0 | @a化学@x方法 |
| 690 | @aO6-04 | |
| 701 | 0 | @a赵慕愚@Azhao mu yu@4编著 |
| 701 | 0 | @a徐宝琨@Axu bao kun@4编著 |
| 801 | 0 | @aCN@bNLC@c20060413 |
| 905 | @f1@b242637@dO6-04@e228 | |
| 复杂化学平衡计算/赵慕愚,徐宝琨编著.-长春:吉林大学出版社,1990.10 |
| 100页;20cm |
| ISBN 7-5601-0628-5:CNY1.05 |
| ● |
| 相关链接 |
|
|
|
|
正题名:复杂化学平衡计算
索取号:O6-04/228
 
预约/预借
| 序号 | 登录号 | 条形码 | 馆藏地/架位号 | 状态 | 备注 |
| 1 | 0242636 | 000341721 | 第三借阅区/ [索取号:O6-04/228] | 在馆 | |
| 2 | 0242637 | 000341712 | 第三借阅区/ [索取号:O6-04/228] | 在馆 | |
| 3 | 0242638 | 000341696 | 第三借阅区/ [索取号:O6-04/228] | 在馆 | |
| 4 | 0242639 | 202257930 | 密集书库/ [索取号:O6-04/228] | 在馆 | |
| 5 | 0242640 | 000341703 | 第二样本阅览室/ [索取号:O6-04/228] | 在馆 |